Les participants au Tournoi de l'ombre dans YuYu Hakusho - Statistiques

Statistiques générales
  • Ce quiz a été pris 8 fois
  • Le résultat moyen est 7 sur 49
Statistiques - réponses
Equipe Participant % Correct
Equipe Urameshi Kurama
100%
Equipe Urameshi Yusuke Urameshi
100%
Equipe Urameshi Genkai
80%
Equipe Urameshi Hiei
80%
Equipe Ichigaki Ryo
80%
Equipe Toguro Toguro Junior
80%
Equipe Toguro Toguro Senior
80%
Equipe Urameshi Kazuma Kuwabara
40%
Equipe Rokuyukai Chu
20%
Equipe Ichigaki En
20%
Equipe Mashoutsukai Jin
20%
Equipe Urameshi Koenma
20%
Equipe Gorenja Akarenjya
0%
Equipe Gorenja Aorenjya
0%
Guerriers de l'esprit d'équipe Babaki
0%
Equipe Mashoutsukai Bakken
0%
Equipe Toguro Bui
0%
Equipe Gokai Six Démon Frankenstein
0%
Equipe Gokai Six Démon loup-garou
0%
Equipe Gokai Six Démon vampire
0%
Guerriers de l'esprit d'équipe Dosukoi
0%
Equipe Ichigaki Dr Ichigaki
0%
Guerriers de l'esprit d'équipe Gagaki
0%
Equipe Mashoutsukai Gama
0%
Equipe Rokuyukai Gaou
0%
Guerriers de l'esprit d'équipe Gorille
0%
Equipe Rokuyukai Imajin
0%
Equipe Ichigaki Kai
0%
Equipe Toguro Karasu
0%
Equipe Gorenja Kirenjya
0%
Equipe Uraotogi Kuro Momotaro
0%
Equipe Gokai Six Kyokudosaan
0%
Equipe Gokai Six Kyoppou
0%
Equipe Ichigaki M4
0%
Equipe Ichigaki M5
0%
Equipe Uraotogi Makintaro
0%
Equipe Gorenja Midorenjya
0%
Equipe Gorenja Momorenjya
0%
Equipe Gokai Six Nenja
0%
Equipe Rokuyukai Rinku
0%
Equipe Mashoutsukai Risho
0%
Equipe Rokuyukai Roto
0%
Equipe Toguro Sakyo
0%
Equipe Uraotogi Shishiwakamaru
0%
Equipe Uraotogi Suzuki
0%
Guerriers de l'esprit d'équipe Topaze
0%
Equipe Mashoutsukai Touya
0%
Equipe Uraotogi Ura Urashima
0%
Equipe Rokuyukai Zeru
0%
Aucun quiz correspondant
Distribution des résultats
% des personnes avec chaque résultat
Percentile par nombre de réponses
Votre historique - résultats
Vous n’avez pas pris ce quiz